Werenoi - C63 (Paroles) - Statistiques

Statistiques générales
  • Ce quiz a été pris 225 fois
  • Le résultat moyen est 258 sur 452
Statistiques - réponses
Indice Réponse % Correct
a
95%
à
95%
c'
95%
Couplet 1 : j'
91%
j'
91%
l'
91%
d'
90%
ça
86%
m'
86%
t'
84%
en
82%
en
82%
ai
81%
C63
81%
le
81%
plus
81%
ma
78%
or
78%
plusieurs
78%
y'
78%
de
74%
et
74%
la
74%
les
74%
mais
74%
Mais
74%
qu'
74%
coeur
73%
on
73%
un
72%
comme
71%
son
71%
es
70%
fait
70%
n'
70%
sur
68%
battre
67%
chiffres
67%
compteur
67%
des
67%
y'a
67%
options
66%
que
66%
dans
60%
veux
60%
du
59%
je
59%
même
58%
tu
58%
guerre
57%
mon
57%
nos
57%
pas
57%
té-ma
57%
allume
56%
si
56%
tombe
56%
ton
56%
joint
55%
pour
55%
sol
55%
colombe
54%
ils
54%
table
54%
après
53%
avec
52%
fer
52%
reculer
52%
une
52%
44
51%
gilet
51%
gueules
51%
sont
51%
vie
51%
arme
50%
flemme
50%
renoi
50%
taille
50%
talles
50%
au
49%
donc
49%
escorte
49%
j'ai
49%
passe
49%
sous
49%
liasses
48%
pluie
48%
plumes
48%
soldats
48%
vas
48%
cadrans
47%
haine
47%
pente
47%
place
47%
sang
47%
tempe
47%
bon
46%
faire
46%
fort
46%
orage
46%
sommet
46%
billet
45%
cette
45%
corps
45%
quoi
45%
c'est
44%
champs
44%
crie
44%
mêmes
44%
mes
44%
pyramide
44%
Burj
43%
carré
43%
déterre
43%
mif
43%
perds
43%
rouges
43%
se
43%
sommes
43%
stores
43%
temps
43%
voudront
43%
carte
42%
cent
42%
moteur
42%
zone
42%
gagne
41%
gros
41%
soie
41%
hilton
40%
Hilton
40%
igo
40%
laissé
40%
passes
40%
prends
40%
prix
40%
V10
40%
voulait
40%
bénéf
39%
regarder
39%
bre-som
38%
comptes
38%
qui
38%
sapé
38%
filet
37%
holding
37%
mailles
37%
est
36%
faux
36%
oeil
36%
tous
36%
vestes
35%
entre
34%
fermez
34%
60K
33%
crasse
33%
paname
33%
personne
33%
shooters
33%
toi
33%
visser
33%
réversibles
32%
vu
32%
nous
31%
gère
30%
Complet 2 : Guette
30%
poignet
30%
collent
29%
elle
29%
haute
29%
jettent
29%
peur
29%
20
28%
cible
28%
l'entourage
28%
diamant
27%
Kbis
27%
mains
27%
quitté
27%
dis-moi
26%
étaient
26%
fois
26%
suis
26%
viano
26%
bons
25%
elles
24%
faites
24%
invincibles
22%
jaloux
22%
recompté
22%
réussite
22%
comestible
21%
ne
20%
maigrissent
19%
monter
18%
points
18%
très
17%
vécu
17%
brillent
16%
derrière
16%
palaces
16%
quartiers
16%
paye
15%
cache
14%
contrats
13%
rendent
11%
grand
10%
frérot
9%
parts
9%
revois
9%
salace
9%
cibles
8%
sonne
8%
vais
7%
Kanan
4%
ferment
3%
Aucun quiz correspondant
Distribution des résultats
% des personnes avec chaque résultat
Percentile par nombre de réponses
Votre historique - résultats
Vous n’avez pas pris ce quiz